[Event "Bundesliga 2021-22"]
[Site "Baden Baden GER"]
[Date "2022.04.30"]
[Round "5.6"]
[Board "3"]
[White "Richter, Michael"]
[Black "Kamsky, Gata"]
[Result "0-1"]
[WhiteTitle "GM"]
[BlackTitle "GM"]
[WhiteElo "2496"]
[BlackElo "2658"]
[WhiteTeam "SK Koenig Tegel"]
[BlackTeam "Schachfreunde Deizisau"]
[WhiteFideId "4618920"]
[BlackFideId "2000024"]
[EventDate "2022.03.05"]

1. d4 Nf6 2. Nf3 g6 3. Nbd2 Bg7 4. e4 d6 5. Bd3 O-O 6. O-O Nc6 7. c3 e5 8. Re1
Re8 9. dxe5 Nxe5 10. Nxe5 dxe5 11. Nc4 h6 12. a4 a5 13. Qc2 Qe7 14. b3 Rd8 15.
Ba3 Qe8 16. Ne3 Bf8 17. Bxf8 Qxf8 18. Bc4 c6 19. Rad1 Kg7 20. Rxd8 Qxd8 21. Rd1
Qe7 22. Qd3 Bd7 23. Qd6 Qxd6 24. Rxd6 Be8 25. f3 Nd7 26. Bd3 Kf8 27. Bc2 Ke7 28.
Rd1 f6 29. Kf2 Nc5 30. Nc4 Bf7 31. Nd2 Rd8 32. Ke3 Be6 33. b4 axb4 34. cxb4 Na6
35. Rb1 Rd4 36. b5 Nb4 37. Rb2 Nxc2+ 38. Rxc2 Kd6 39. bxc6 bxc6 40. a5 Ra4 41.
Rb2 Kc7 42. Nb1 Rxa5 43. Nc3 Ra3 44. Kd3 Ra8 45. Rb4 c5 46. Rb1 Kc6 47. Kd2 Bc4
48. Kc2 h5 49. Rg1 h4 50. g3 h3 51. g4 g5 52. Rb1 Rd8 53. Rd1 Rd4 54. Ra1 Rd3
55. Ra4 Rxf3 56. Rxc4 Rf2+ 57. Kd3 Rxh2 58. Na4 Rh1 59. Rxc5+ Kd6 60. Rc2 h2 61.
Kc3 Ra1 62. Rd2+ Ke7 63. Rxh2 Rxa4 64. Rh7+ Ke6 65. Kd3 Ra3+ 66. Ke2 Rg3 0-1

[Event "Bundesliga 2021-22"]
[Site "Baden Baden GER"]
[Date "2022.04.30"]
[Round "5.6"]
[Board "4"]
[White "Kollars, Dmitrij"]
[Black "Bruedigam, Martin"]
[Result "1-0"]
[WhiteTitle "GM"]
[BlackTitle "IM"]
[WhiteElo "2635"]
[BlackElo "2386"]
[WhiteTeam "Schachfreunde Deizisau"]
[BlackTeam "SK Koenig Tegel"]
[WhiteFideId "12909572"]
[BlackFideId "24608033"]
[EventDate "2022.03.05"]

1. e4 e5 2. Nf3 Nc6 3. Bc4 Bc5 4. d3 Nf6 5. Nc3 a6 6. Bg5 h6 7. Bxf6 Qxf6 8. Nd5
Qd8 9. c3 d6 10. d4 Ba7 11. dxe5 dxe5 12. Qe2 Bc5 13. Rd1 Bd6 14. O-O O-O 15. a4
a5 16. Rd2 Bg4 17. Rfd1 Bxf3 18. Qxf3 Qg5 19. g3 Rad8 20. Ne3 Kh8 21. Bd5 Qe7
22. Bxc6 bxc6 23. Nc4 Qe6 24. Qe2 f5 25. Nxa5 Ra8 26. exf5 Qxf5 27. Nc4 Rxa4 28.
Nxd6 cxd6 29. Rxd6 Re4 30. Qd2 Qf3 31. Re1 Rxe1+ 32. Qxe1 Ra8 33. Qd1 Qe4 34. h4
c5 35. Rd2 c4 36. Kh2 Qc6 37. Qg4 Rf8 38. Kg1 Ra8 39. Rd1 Kg8 40. Qf5 Re8 41.
Rd7 Qf6 42. Qe4 Qe6 43. Rc7 Rc8 44. Rxc8+ Qxc8 45. Qxe5 Qc6 46. b4 cxb3 47. Qb8+
Kh7 48. Qxb3 g5 49. Qf7+ 1-0

[Event "Bundesliga 2021-22"]
[Site "Baden Baden GER"]
[Date "2022.04.30"]
[Round "5.6"]
[Board "5"]
[White "Fruebing, Stefan"]
[Black "Kozul, Zdenko"]
[Result "0-1"]
[WhiteTitle "IM"]
[BlackTitle "GM"]
[WhiteElo "2374"]
[BlackElo "2619"]
[WhiteTeam "SK Koenig Tegel"]
[BlackTeam "Schachfreunde Deizisau"]
[WhiteFideId "4682165"]
[BlackFideId "14502879"]
[EventDate "2022.03.05"]

1. e4 c5 2. Nf3 e6 3. d4 cxd4 4. Nxd4 a6 5. Bd3 d6 6. O-O Nf6 7. Qe2 Nbd7 8. c4
g6 9. b3 Bg7 10. Bb2 O-O 11. Nc3 Re8 12. f4 Qb6 13. Na4 Qa7 14. Kh1 e5 15. fxe5
Nxe5 16. Rae1 Bd7 17. Bc2 Bxa4 18. bxa4 Qc5 19. Nf3 Nfd7 20. Bb3 Re7 21. Rd1
Rae8 22. Rd5 Qc7 23. Ba3 Nc5 24. Rfd1 Ng4 25. Bxc5 dxc5 26. Bc2 Nf6 27. Rd6 Nxe4
28. Bxe4 Rxe4 29. Qd3 Bd4 30. Rd5 Re2 31. Qa3 R8e3 32. Qc1 Rxf3 0-1

[Event "Bundesliga 2021-22"]
[Site "Baden Baden GER"]
[Date "2022.04.30"]
[Round "5.6"]
[Board "6"]
[White "Heimann, Andreas"]
[Black "Mueller, Nick"]
[Result "1/2-1/2"]
[WhiteTitle "GM"]
[BlackTitle "FM"]
[WhiteElo "2581"]
[BlackElo "2375"]
[WhiteTeam "Schachfreunde Deizisau"]
[BlackTeam "SK Koenig Tegel"]
[WhiteFideId "24624632"]
[BlackFideId "24692093"]
[EventDate "2022.03.05"]

1. d4 d5 2. c4 c6 3. Nf3 Nf6 4. e3 Bf5 5. Nc3 a6 6. Bd3 Bxd3 7. Qxd3 e6 8. O-O
Nbd7 9. e4 dxe4 10. Nxe4 Nxe4 11. Qxe4 Be7 12. Bf4 O-O 13. Rad1 Qa5 14. Qc2 Rac8
15. Rfe1 Rfd8 16. a3 Nf8 17. Be5 Bd6 18. b4 Qc7 19. c5 Bxe5 20. dxe5 Rd5 21. h4
Rcd8 22. h5 h6 23. Rxd5 Rxd5 24. Qe4 Qd8 25. Qf4 Rd3 26. Re3 Qd5 27. g4 Rd1+ 28.
Kg2 Nh7 29. Qe4 Ng5 30. Qxd5 cxd5 31. Re1 Rd3 32. Re3 Rd1 33. Re1 Rd3 34. Re3
Rd1 1/2-1/2

[Event "Bundesliga 2021-22"]
[Site "Baden Baden GER"]
[Date "2022.04.30"]
[Round "5.6"]
[Board "7"]
[White "Rietze, Clemens"]
[Black "Zilka, Stepan"]
[Result "0-1"]
[WhiteTitle "FM"]
[BlackTitle "GM"]
[WhiteElo "2279"]
[BlackElo "2606"]
[WhiteTeam "SK Koenig Tegel"]
[BlackTeam "Schachfreunde Deizisau"]
[WhiteFideId "24620351"]
[BlackFideId "315303"]
[EventDate "2022.03.05"]

1. d4 Nf6 2. c4 e6 3. Nf3 b6 4. g3 Bb7 5. Bg2 Be7 6. O-O O-O 7. Nc3 Ne4 8. Bd2
d6 9. Ne1 Nxc3 10. Bxc3 Bxg2 11. Nxg2 d5 12. Qb3 c6 13. e4 dxe4 14. Rfe1 Nd7 15.
Rxe4 b5 16. cxb5 Rb8 17. a4 Nf6 18. Ree1 a6 19. Nf4 axb5 20. axb5 Rxb5 21. Qc4
Nd5 22. Nxd5 Qxd5 23. Qxd5 cxd5 24. Ra7 Bb4 25. Rea1 g5 26. h3 Rc8 27. Ra8 Rxa8
28. Rxa8+ Kg7 29. Kg2 h5 30. Kf3 Rb7 31. Rc8 Rb6 32. h4 gxh4 33. gxh4 Be7 34.
Kg3 Ra6 35. Bd2 Bf6 36. Bc3 Ra1 37. b4 Ra3 38. f3 Rb3 39. Rc7 Kg6 40. Kh3 Bd8
41. Rc8 Be7 42. Kg3 Kf5 43. Be1 Rb1 44. Bd2 Bd6+ 45. Kf2 Rb2 46. Ke1 Bxb4 47.
Bxb4 Rxb4 48. Rh8 Kg6 49. Rg8+ Kh7 50. Rg5 f6 51. Rxh5+ Kg7 52. Ke2 Rb8 0-1

[Event "Bundesliga 2021-22"]
[Site "Baden Baden GER"]
[Date "2022.04.30"]
[Round "5.6"]
[Board "8"]
[White "Dautov, Rustem"]
[Black "Wierzbicki, Jirawat"]
[Result "1-0"]
[WhiteTitle "GM"]
[BlackTitle "CM"]
[WhiteElo "2596"]
[BlackElo "2158"]
[WhiteTeam "Schachfreunde Deizisau"]
[BlackTeam "SK Koenig Tegel"]
[WhiteFideId "4623606"]
[BlackFideId "1153579"]
[EventDate "2022.03.05"]

1. d4 d5 2. c4 dxc4 3. Nf3 Nf6 4. e3 Bg4 5. Bxc4 e6 6. Nc3 Nc6 7. h3 Bh5 8. Bb5
Bd6 9. e4 Nd7 10. Be3 O-O 11. g4 Bg6 12. a3 a6 13. Be2 e5 14. d5 Na7 15. h4 f6
16. h5 Be8 17. g5 Nc8 18. g6 Ne7 19. gxh7+ Kxh7 20. Nh4 Rh8 21. Bg4 Nf8 22. Qf3
Bd7 23. O-O-O Qc8 24. Rdg1 Bxg4 25. Rxg4 Nd7 26. Ng6 Re8 27. h6 Nxg6 28. hxg7+
Kxg7 29. Rxg6+ 1-0

[Event "Bundesliga 2021-22"]
[Site "Dusseldorf GER"]
[Date "2022.04.30"]
[Round "5.7"]
[Board "1"]
[White "Shevchenko, Kirill"]
[Black "Volokitin, Andrei"]
[Result "1-0"]
[WhiteTitle "GM"]
[BlackTitle "GM"]
[WhiteElo "2652"]
[BlackElo "2687"]
[WhiteTeam "SV Werder Bremen"]
[BlackTeam "Duesseldorfer SK"]
[WhiteFideId "14129574"]
[BlackFideId "14107090"]
[EventDate "2022.03.05"]

1. e4 c5 2. Nc3 d6 3. Nf3 Nf6 4. d4 cxd4 5. Nxd4 a6 6. Bd3 e5 7. Nde2 Be7 8. O-O
O-O 9. Ng3 Be6 10. Nd5 Bxd5 11. exd5 g6 12. a4 Nbd7 13. a5 b5 14. c4 b4 15. Bc2
Qc7 16. b3 Nc5 17. f4 exf4 18. Bxf4 Nfd7 19. Nf5 gxf5 20. Bxf5 Nf6 21. Rf3 Rfe8
22. Qd4 Qa7 23. Be3 Bd8 24. Qf4 Rxe3 25. Rxe3 Ncd7 26. Kh1 Ne5 27. Rae1 Be7 28.
g4 Bf8 29. g5 Nfd7 30. Rh3 Ng6 31. Bxg6 hxg6 32. Re7 Bxe7 33. Qh4 Qd4 34. Qxd4
Ne5 35. Qh4 1-0

[Event "Bundesliga 2021-22"]
[Site "Dusseldorf GER"]
[Date "2022.04.30"]
[Round "5.7"]
[Board "2"]
[White "Banusz, Tamas"]
[Black "Areshchenko, Alexander"]
[Result "1/2-1/2"]
[WhiteTitle "GM"]
[BlackTitle "GM"]
[WhiteElo "2600"]
[BlackElo "2670"]
[WhiteTeam "Duesseldorfer SK"]
[BlackTeam "SV Werder Bremen"]
[WhiteFideId "722413"]
[BlackFideId "14109530"]
[EventDate "2022.03.05"]

1. Nf3 c5 2. c4 Nc6 3. d4 cxd4 4. Nxd4 Nf6 5. Nc3 e6 6. e4 Bb4 7. Nxc6 bxc6 8.
Bd3 e5 9. O-O O-O 10. h3 Bc5 11. Re1 Rb8 12. Rb1 d6 13. Be3 Nd7 14. Bf1 Qc7 15.
a3 Bxe3 16. Rxe3 Nc5 17. b4 Ne6 18. Qd2 Rd8 19. Rd1 Nd4 20. Rg3 f6 21. Ne2 c5
22. Nxd4 cxd4 23. f4 Qf7 24. fxe5 fxe5 25. Rc1 Bb7 26. Bd3 Kh8 27. Rf1 Qg8 28.
Rgf3 Bc8 29. Rf7 Be6 30. Rxa7 Ra8 31. Rxa8 Rxa8 32. Rc1 Rxa3 33. c5 dxc5 34.
bxc5 Qc8 35. c6 Qc7 36. Bf1 h6 37. Qb4 Ra7 38. Qc5 Ra5 39. Qf8+ Kh7 40. Qb4 Ra7
41. Qb5 1/2-1/2

[Event "Bundesliga 2021-22"]
[Site "Dusseldorf GER"]
[Date "2022.04.30"]
[Round "5.7"]
[Board "3"]
[White "Van Foreest, Lucas"]
[Black "Orlov, Andrey"]
[Result "1-0"]
[WhiteTitle "GM"]
[BlackTitle "GM"]
[WhiteElo "2572"]
[BlackElo "2491"]
[WhiteTeam "SV Werder Bremen"]
[BlackTeam "Duesseldorfer SK"]
[WhiteFideId "1039792"]
[BlackFideId "4125282"]
[EventDate "2022.03.05"]

1. d4 d5 2. c4 e6 3. Nf3 Nf6 4. g3 Bb4+ 5. Bd2 Be7 6. Bg2 O-O 7. O-O Nbd7 8. Qc2
c6 9. Bf4 b6 10. Rd1 Bb7 11. Ne5 Nxe5 12. dxe5 Nd7 13. cxd5 exd5 14. e4 d4 15.
Rxd4 Bc5 16. Rd1 Qe7 17. Qc3 Rfe8 18. Nd2 Nxe5 19. Bxe5 Qxe5 20. Qxe5 Rxe5 21.
Nb3 Bf8 22. Rd7 Bc8 23. Rd8 Bb7 24. Rd7 Bc8 25. Rd8 Bb7 26. Rxa8 Bxa8 27. f4 Re8
28. e5 f6 29. exf6 gxf6 30. Rd1 a5 31. Bf3 a4 32. Nd4 Bc5 33. Kg2 Bxd4 34. Rxd4
c5 35. Rd2 c4 36. Bxa8 Rxa8 37. Rd6 a3 38. Rxb6 axb2 39. Rxb2 Kf7 40. Kf3 f5 41.
Ke3 Kg6 42. Kd4 Kh5 43. h3 Ra3 44. Rg2 c3 45. Rc2 Kg6 46. Kc4 h5 47. Kb4 Ra8 48.
a4 h4 49. Rxc3 Rb8+ 50. Ka3 Ra8 51. gxh4 Kh5 52. Kb4 Rb8+ 53. Kc4 Rc8+ 54. Kd4
Ra8 55. Ra3 1-0

[Event "Bundesliga 2021-22"]
[Site "Dusseldorf GER"]
[Date "2022.04.30"]
[Round "5.7"]
[Board "4"]
[White "Berelowitsch, Alexander"]
[Black "Hracek, Zbynek"]
[Result "1/2-1/2"]
[WhiteTitle "GM"]
[BlackTitle "GM"]
[WhiteElo "2506"]
[BlackElo "2567"]
[WhiteTeam "Duesseldorfer SK"]
[BlackTeam "SV Werder Bremen"]
[WhiteFideId "14101440"]
[BlackFideId "300071"]
[EventDate "2022.03.05"]

1. e4 c5 2. Nf3 d6 3. d4 cxd4 4. Nxd4 Nf6 5. Nc3 a6 6. Be2 e5 7. Nb3 Be6 8. O-O
Be7 9. Bf3 Nbd7 10. Re1 O-O 11. a4 Qb8 12. a5 Rc8 13. Be3 Bd8 14. Qd2 b5 15.
axb6 Bxb6 16. Ra3 a5 17. Bxb6 Nxb6 18. Rxa5 Nc4 19. Rxa8 Qxa8 20. Qc1 Qc6 21.
Na2 Qb6 22. Nc3 Qb4 23. Na2 Qb6 24. Nc3 g6 25. h3 Kg7 26. Rd1 Qb4 27. Na2 Qa4
28. Nc3 Qb4 29. Na2 Qa4 30. Nc3 Qb4 1/2-1/2

[Event "Bundesliga 2021-22"]
[Site "Dusseldorf GER"]
[Date "2022.04.30"]
[Round "5.7"]
[Board "5"]
[White "Pruijssers, Roeland"]
[Black "Sorensen, Hampus"]
[Result "1-0"]
[WhiteTitle "GM"]
[BlackTitle "IM"]
[WhiteElo "2570"]
[BlackElo "2364"]
[WhiteTeam "SV Werder Bremen"]
[BlackTeam "Duesseldorfer SK"]
[WhiteFideId "1013068"]
[BlackFideId "8703884"]
[EventDate "2022.03.05"]

1. e4 c5 2. Nc3 Nc6 3. g3 g6 4. Bg2 Bg7 5. d3 e6 6. Be3 d6 7. Qd2 Rb8 8. Nge2 b5
9. a3 Nd4 10. O-O Ne7 11. Bh6 O-O 12. Nxd4 cxd4 13. Ne2 e5 14. c3 dxc3 15. Nxc3
Be6 16. Be3 Qd7 17. d4 exd4 18. Bxd4 Bxd4 19. Qxd4 Rfd8 20. f4 Nc6 21. Qd2 b4
22. axb4 Nxb4 23. f5 Bc4 24. Qh6 Qe7 25. Rf4 Qf8 26. Qxf8+ Rxf8 27. e5 d5 28.
Rxa7 Nc6 29. Rc7 Nxe5 30. Nxd5 Bxd5 31. Bxd5 Rfd8 32. Bb7 g5 33. Rf2 Rd1+ 34.
Kg2 Nd3 35. Re2 Rb1 36. Be4 Rd1 37. Bb7 Rb1 38. Be4 Rd1 39. f6 Nxb2 40. Rb7 1-0

[Event "Bundesliga 2021-22"]
[Site "Dusseldorf GER"]
[Date "2022.04.30"]
[Round "5.7"]
[Board "6"]
[White "Stark, Lars"]
[Black "Grigorian, Spartak"]
[Result "1/2-1/2"]
[WhiteTitle "IM"]
[BlackTitle "IM"]
[WhiteElo "2386"]
[BlackElo "2472"]
[WhiteTeam "Duesseldorfer SK"]
[BlackTeam "SV Werder Bremen"]
[WhiteFideId "4676386"]
[BlackFideId "24661490"]
[EventDate "2022.03.05"]

1. c4 Nf6 2. g3 c5 3. Bg2 d5 4. cxd5 Nxd5 5. Nc3 Nc7 6. Nf3 Nc6 7. O-O e5 8. a3
Rb8 9. Rb1 Be7 10. d3 b5 11. Be3 O-O 12. b4 cxb4 13. axb4 Bb7 14. Qd2 f5 15.
Bxa7 Nxa7 16. Qa2+ Kh8 17. Qxa7 Bf6 18. Rfd1 Qe8 19. Rbc1 Na6 20. e4 Nxb4 21.
exf5 Qh5 22. Ne4 Ba8 23. Qa3 Nd5 24. d4 exd4 25. Nxf6 1/2-1/2

[Event "Bundesliga 2021-22"]
[Site "Dusseldorf GER"]
[Date "2022.04.30"]
[Round "5.7"]
[Board "7"]
[White "Markgraf, Alexander"]
[Black "Heinz, Timothee"]
[Result "1-0"]
[WhiteTitle "IM"]
[BlackTitle "FM"]
[WhiteElo "2482"]
[BlackElo "2374"]
[WhiteTeam "SV Werder Bremen"]
[BlackTeam "Duesseldorfer SK"]
[WhiteFideId "4646410"]
[BlackFideId "623369"]
[EventDate "2022.03.05"]

1. e4 e6 2. d4 d5 3. Nc3 Nf6 4. e5 Nfd7 5. f4 c5 6. Nf3 Nc6 7. Be3 cxd4 8. Nxd4
Bc5 9. Qd2 Bxd4 10. Bxd4 Nxd4 11. Qxd4 Qb6 12. Qxb6 Nxb6 13. O-O-O Bd7 14. Bd3
h5 15. h4 g6 16. Ne2 Nc8 17. Nd4 Ne7 18. b3 a6 19. Kb2 Nc6 20. Nf3 Ke7 21. c3
Rhc8 22. Rd2 Rc7 23. a3 a5 24. Rc1 b6 25. c4 dxc4 26. Rxc4 Rcc8 27. Be4 Rab8 28.
Ng5 Nd8 29. Rcd4 Rc7 30. Nh7 Nb7 31. b4 axb4 32. axb4 Bb5 33. Nf6 Nd8 34. Ng8+
Ke8 35. Nf6+ Ke7 36. Bd3 Bc6 37. Bf1 Ra7 38. b5 Bd5 39. Bc4 Bxc4 40. Rxc4 Rba8
41. Kc2 Ra2+ 42. Kd1 Rxd2+ 43. Kxd2 Ra7 44. Rc8 Rb7 45. Kc3 Ra7 46. Kb4 Rb7 47.
Rc2 Ra7 48. Rd2 Rc7 49. Rd6 Nb7 50. Rxb6 Nc5 51. Rb8 1-0

[Event "Bundesliga 2021-22"]
[Site "Dusseldorf GER"]
[Date "2022.04.30"]
[Round "5.7"]
[Board "8"]
[White "Agrest, Inna"]
[Black "Colbow, Collin"]
[Result "0-1"]
[WhiteTitle "WIM"]
[BlackTitle "FM"]
[WhiteElo "2245"]
[BlackElo "2357"]
[WhiteTeam "Duesseldorfer SK"]
[BlackTeam "SV Werder Bremen"]
[WhiteFideId "1708830"]
[BlackFideId "16201132"]
[EventDate "2022.03.05"]

1. e4 c5 2. Nf3 e6 3. d4 cxd4 4. Nxd4 Nc6 5. Nc3 Qc7 6. Be3 a6 7. Qf3 Nf6 8.
O-O-O Ne5 9. Qg3 b5 10. a3 d6 11. f4 Nc4 12. Bxc4 bxc4 13. Rhe1 Rb8 14. e5 dxe5
15. fxe5 Nd7 16. Nf5 exf5 17. Nd5 Qb7 18. Qg5 Qxb2+ 19. Kd2 Qb7 20. Ke2 h6 21.
Qh4 Nc5 22. Kf1 Ne6 23. Bb6 Be7 24. Qxc4 O-O 25. Rb1 Qd7 26. Red1 Qe8 27. a4 Bb7
28. Nc7 Qc6 29. Qxc6 Bxc6 30. Nxa6 Ra8 31. Nb4 Bxa4 32. Nd5 Rfe8 33. Rd2 Bg5 34.
Rf2 Rac8 35. c3 Bc6 36. c4 Bb7 37. Ba5 Ba6 38. Nb6 Rc5 39. Bc3 Bxc4+ 40. Nxc4
Rxc4 41. Be1 Nd4 42. Rb4 Rxb4 43. Bxb4 Rxe5 44. Bc3 Re4 45. Bxd4 Rxd4 46. Rxf5
Rf4+ 0-1

[Event "Bundesliga 2021-22"]
[Site "Dusseldorf GER"]
[Date "2022.04.30"]
[Round "5.8"]
[Board "1"]
[White "Navara, David"]
[Black "Seel, Christian"]
[Result "1/2-1/2"]
[WhiteTitle "GM"]
[BlackTitle "IM"]
[WhiteElo "2700"]
[BlackElo "2486"]
[WhiteTeam "SV Muelheim Nord"]
[BlackTeam "Aachener SV"]
[WhiteFideId "309095"]
[BlackFideId "4663098"]
[EventDate "2022.03.05"]

1. e4 e5 2. Nf3 Nc6 3. Bb5 a6 4. Ba4 Nf6 5. O-O Nxe4 6. d4 b5 7. Bb3 d5 8. dxe5
Be6 9. Be3 Be7 10. c3 O-O 11. Nbd2 Nxd2 12. Qxd2 Na5 13. Bg5 Nc4 14. Bxc4 bxc4
15. b4 cxb3 16. axb3 c5 17. h3 Bxg5 18. Nxg5 h6 19. Nf3 Qb6 20. b4 cxb4 21. cxb4
Rfc8 22. Ra5 Rab8 23. Rfa1 Qxb4 24. Qxb4 Rxb4 25. Rxa6 Rc3 26. R6a4 Rxa4 27.
Rxa4 Bxh3 28. Nd4 Be6 29. Ra6 Rc1+ 30. Kh2 Re1 31. f4 Re4 32. Nxe6 fxe6 33. Kg3
g5 1/2-1/2

[Event "Bundesliga 2021-22"]
[Site "Dusseldorf GER"]
[Date "2022.04.30"]
[Round "5.8"]
[Board "2"]
[White "Nagy, Gabor1"]
[Black "Nguyen, Thai Dai Van"]
[Result "1/2-1/2"]
[WhiteTitle "GM"]
[BlackTitle "GM"]
[WhiteElo "2507"]
[BlackElo "2623"]
[WhiteTeam "Aachener SV"]
[BlackTeam "SV Muelheim Nord"]
[WhiteFideId "737119"]
[BlackFideId "358878"]
[EventDate "2022.03.05"]

1. c4 e6 2. Nc3 d5 3. d4 c6 4. e3 Nf6 5. Nf3 Nbd7 6. Be2 Bd6 7. O-O O-O 8. b3 b6
9. Bb2 Bb7 10. Bd3 Re8 11. e4 dxc4 12. bxc4 e5 13. d5 a6 14. a4 Nc5 15. Bc2 Qc7
16. Qe2 Rad8 17. Rfd1 Bc8 18. Nd2 Bg4 19. f3 Bd7 20. g3 cxd5 21. cxd5 b5 22.
axb5 axb5 23. Kg2 Rb8 24. Rdc1 Rec8 25. Nd1 Qb7 26. Ne3 Ne8 27. Rab1 Ra8 28. Bc3
f6 29. Ndc4 Na4 30. Bd2 Qa6 1/2-1/2

[Event "Bundesliga 2021-22"]
[Site "Dusseldorf GER"]
[Date "2022.04.30"]
[Round "5.8"]
[Board "3"]
[White "Fridman, Daniel"]
[Black "Koch, Thomas1"]
[Result "1-0"]
[WhiteTitle "GM"]
[BlackTitle "IM"]
[WhiteElo "2628"]
[BlackElo "2458"]
[WhiteTeam "SV Muelheim Nord"]
[BlackTeam "Aachener SV"]
[WhiteFideId "11600454"]
[BlackFideId "4600533"]
[EventDate "2022.03.05"]

1. d4 Nf6 2. c4 e6 3. Nc3 Bb4 4. e3 O-O 5. Bd2 d5 6. Nf3 c5 7. a3 Bxc3 8. Bxc3
cxd4 9. Nxd4 Re8 10. cxd5 Nxd5 11. Rc1 a6 12. Be2 b6 13. O-O Bb7 14. Bd2 e5 15.
Nf5 Nc6 16. Qb3 Nce7 17. Ng3 Rc8 18. a4 Qd6 19. Bf3 Qe6 20. Rfd1 Red8 21. Rxc8
Rxc8 22. e4 Nf4 23. Qxe6 Nxe6 24. Bc3 Nc6 25. Bg4 Rc7 26. Bxe6 fxe6 27. f3 Kf7
28. Nf1 b5 29. axb5 axb5 30. b4 Ke7 31. Kf2 Rd7 32. Rc1 Kf7 33. Nd2 Ba8 34. Ra1
Rd3 35. Rc1 Nd4 36. Nf1 Kf6 37. h4 Nb3 38. Rc2 Nd4 39. Rc1 Nb3 40. Rc2 Nd4 41.
Bxd4 exd4 42. Rc5 Rb3 43. Rxb5 Rb2+ 44. Kg3 Bc6 45. Rb6 Ba4 46. Kf4 Rxg2 47. Rd6
Rf2 48. Ng3 Bd1 49. Nh5+ Kg6 50. Rxd4 Rxf3+ 51. Ke5 Kxh5 52. Rxd1 Rb3 53. Rd4
Kxh4 54. Kxe6 Kg5 55. e5 Re3 56. b5 Rb3 57. Rd5 h5 58. Kd7 Re3 59. e6+ Kf6 60.
Rd6 h4 61. b6 h3 62. b7 h2 63. b8=Q h1=Q 64. e7+ Kg5 65. Qb5+ Kf4 66. Rd4+ Kg3
67. Qg5+ Kf2 68. Rd2+ Re2 69. Rxe2+ Kxe2 70. e8=Q+ 1-0

[Event "Bundesliga 2021-22"]
[Site "Dusseldorf GER"]
[Date "2022.04.30"]
[Round "5.8"]
[Board "4"]
[White "Lemmers, Oscar"]
[Black "Neiksans, Arturs"]
[Result "1/2-1/2"]
[WhiteTitle "IM"]
[BlackTitle "GM"]
[WhiteElo "2337"]
[BlackElo "2577"]
[WhiteTeam "Aachener SV"]
[BlackTeam "SV Muelheim Nord"]
[WhiteFideId "1002759"]
[BlackFideId "11601388"]
[EventDate "2022.03.05"]

1. e4 c5 2. c3 Nf6 3. e5 Nd5 4. d4 cxd4 5. Nf3 d6 6. Bc4 Nb6 7. Bb3 dxe5 8. Nxe5
e6 9. cxd4 Nc6 10. Nf3 Be7 11. Nc3 O-O 12. O-O Bf6 13. Be3 Nd5 14. Ne4 Be7 15.
Rc1 Qb6 16. Nc3 Rd8 17. Qe2 Qa5 18. Nxd5 exd5 19. Bd2 Bb4 20. Bxb4 Qxb4 21. Qd3
g6 22. Rc5 Bf5 23. Qc3 Qxc3 24. bxc3 Be6 25. Ba4 Rd6 26. Bxc6 1/2-1/2

[Event "Bundesliga 2021-22"]
[Site "Dusseldorf GER"]
[Date "2022.04.30"]
[Round "5.8"]
[Board "5"]
[White "Dardha, Daniel"]
[Black "Klein, Felix"]
[Result "1-0"]
[WhiteTitle "GM"]
[BlackTitle "FM"]
[WhiteElo "2540"]
[BlackElo "2266"]
[WhiteTeam "SV Muelheim Nord"]
[BlackTeam "Aachener SV"]
[WhiteFideId "240990"]
[BlackFideId "24600458"]
[EventDate "2022.03.05"]

1. c4 e6 2. g3 d5 3. Bg2 Nf6 4. d4 c6 5. Nd2 Nbd7 6. Ngf3 Bd6 7. Qc2 O-O 8. O-O
e5 9. cxd5 cxd5 10. dxe5 Nxe5 11. Nxe5 Bxe5 12. Nf3 Bd6 13. Be3 Be6 14. Bd4 Ne4
15. Rad1 Qe7 16. Nd2 f5 17. e3 Rfd8 18. f3 Nf6 19. Nb3 Rac8 20. Qf2 b6 21. Nc1
Bf7 22. Bh3 g6 23. Nd3 Rc7 24. Rc1 Rdc8 25. Rxc7 Rxc7 26. Rd1 Nd7 27. f4 Nc5 28.
Qe2 Ne4 29. Bg2 h5 30. Ne5 Bc5 31. Bxe4 dxe4 32. Bc3 Bb4 33. Nxf7 Bxc3 34. Nh6+
Kh7 35. Nxf5 Qe6 36. Nh4 Qxa2 37. f5 Qxb2 38. fxg6+ Kh6 39. Qf1 Be5 40. Qf8+ Kg5
41. g7 Rxg7 42. Rf1 Qc3 43. Rf5+ Kg4 44. Kg2 Qd2+ 45. Rf2 Qd7 46. Qf4+ Bxf4 47.
exf4 e3 48. h3# 1-0

[Event "Bundesliga 2021-22"]
[Site "Dusseldorf GER"]
[Date "2022.04.30"]
[Round "5.8"]
[Board "6"]
[White "Sonntag, Hans-Hubert"]
[Black "Novikov, Igor"]
[Result "0-1"]
[WhiteTitle "IM"]
[BlackTitle "GM"]
[WhiteElo "2327"]
[BlackElo "2551"]
[WhiteTeam "Aachener SV"]
[BlackTeam "SV Muelheim Nord"]
[WhiteFideId "4601025"]
[BlackFideId "14100037"]
[EventDate "2022.03.05"]

1. d4 d5 2. Nf3 Nf6 3. e3 c5 4. c4 e6 5. Nc3 a6 6. a3 Nc6 7. dxc5 Bxc5 8. b4 Bd6
9. Bb2 dxc4 10. Bxc4 Qe7 11. Qe2 Bd7 12. O-O Rc8 13. Bd3 O-O 14. e4 Ne5 15. Nxe5
Bxe5 16. Nd1 Qd6 17. Bxe5 Qxe5 18. Ne3 Rc3 19. Nc4 Qd4 20. Rad1 Bb5 21. Nb2 Bxd3
22. Nxd3 Rxa3 0-1

[Event "Bundesliga 2021-22"]
[Site "Dusseldorf GER"]
[Date "2022.04.30"]
[Round "5.8"]
[Board "7"]
[White "Hausrath, Daniel"]
[Black "Meessen, Rudolf"]
[Result "1-0"]
[WhiteTitle "GM"]
[BlackTitle "FM"]
[WhiteElo "2480"]
[BlackElo "2226"]
[WhiteTeam "SV Muelheim Nord"]
[BlackTeam "Aachener SV"]
[WhiteFideId "4617495"]
[BlackFideId "202029"]
[EventDate "2022.03.05"]

1. Nf3 d6 2. d4 g6 3. g3 Bg7 4. Bg2 e5 5. dxe5 dxe5 6. Qxd8+ Kxd8 7. Nc3 c6 8.
Be3 f6 9. O-O-O+ Kc7 10. Bc5 Be6 11. Bd6+ Kc8 12. Nd2 Nh6 13. Nde4 Nd7 14. h4
Nf7 15. Ba3 f5 16. Ng5 Nxg5 17. hxg5 h5 18. e4 Bf8 19. Bxf8 Nxf8 20. exf5 gxf5
21. Rhe1 Nd7 22. Rd6 Re8 23. Bf3 Kc7 24. Red1 Re7 25. Bxh5 Rh8 26. Be2 Rh2 27.
f4 e4 28. g6 Rg2 29. g4 fxg4 30. g7 Bg8 31. Rg6 Re6 32. Rxg4 Rg6 33. Rxg6 Rxg6
34. Nxe4 Rxg7 35. Ng5 Nf6 36. Bf3 Re7 37. Rh1 Nd5 38. Rh8 Rg7 39. Bxd5 Bxd5 40.
b3 b5 41. Kd2 Kd6 42. Kd3 Kc5 43. Rh7 Rxh7 44. Nxh7 Bf7 45. f5 Kd6 46. Ke4 a5
47. Ng5 Bd5+ 48. Kf4 a4 49. Ne4+ Kc7 50. Ke5 b4 51. Nc5 axb3 52. axb3 Kb6 53.
Ne6 Bf3 54. f6 Bh5 55. Kd6 Bg6 56. Ke7 1-0